000 01535nam2a2200265 4500
001 RU\NLR\bibl\1888476
005 20250616194645.0
010 _a978-5-98079-766-9
_9120
021 _aRU
_b2012-17967
_91355
035 _a(NLR Aleph) 001878181
090 _a2753944
_c2753944
100 _a20120405d2011 |||y0rusy50 ca
101 0 _arus
102 _aRU
105 _ay |||||||||
200 1 _aГуманитарные основы формирования гражданского общества
_fпод ред. д.филос.н., проф. Вал.А. Лукова
210 _d2011
_aБ. м.
215 _a313, [4] с.
320 _aБиблиогр. в подстроч. примеч. и в тексте
461 0 _1001RU\NLR\bibl\1954664
_12001#$aГражданское общество в эпоху глобальной информатизации$vЧ. 2
_93601088
_cМосква
_d2011
_fпод ред. д.ю.н., проф. Т.А. Сошниковой
_iРаздел Политические процессы
_nИзд-во Московского гуманитарного университета
_oIII Международная молодежная научная конференция, Москва, 26 октября, 18-19 ноября 2011 г. : доклады и материалы
_tГражданское общество в эпоху глобальной информатизации
_vЧ. 2
801 0 _aRU
_bNLR
_c20120405
_gRCR
801 1 _aRU
_bNLR
_c20120405
942 _cBOOK
980 _aNB